00382nam a2200145 450000500170000000800410001702000180005808200170007610000220009324500650011525000110018026000240019130000090021565000120022420260519124816.0260427b |||||||| |||| 00| 0 eng d a9781405858229 a401.9bFAI-C aFairclough Norman aCritical Discourse AnalysisbThe Critical Study of Language  a2nd Ed aNew YorkbRoutledge a656p aEnglish